Study guide to accompany Intimate relationships, marriages, and families (Record no. 5506)
[ view plain ]
| 000 -LEADER | |
|---|---|
| fixed length control field | 00733nam a22001457a 4500 |
| 020 ## - INTERNATIONAL STANDARD BOOK NUMBER | |
| ISBN | 9780767405027 |
| 020 ## - INTERNATIONAL STANDARD BOOK NUMBER | |
| ISBN | 0767405021 |
| 050 ## - CALL NUMBER | |
| Classification number | HQ10.5 |
| Item number | .U6R53 |
| 100 ## - AUTHOR | |
| Personal name | Kohl, Jeanne |
| 245 ## - TITLE | |
| Title | Study guide to accompany Intimate relationships, marriages, and families |
| Statement of responsibility, etc | Jeanne Kohl; F Philip Rice |
| 260 ## - PUBLICATION INFORMATION | |
| Place of publication | Mountain View, Calif. : |
| Name of publisher | Mayfield Pub. Co., |
| Year of publication | ©1990. |
| 300 ## - DESCRIPTION | |
| Number of Pages | ix, 374 pages ; |
| Other physical details | |
| Dimensions | 28 cm |
| 505 ## - FORMATTED CONTENTS NOTE | |
| Table of Content | pt.l. Social and psychological perspective: cognition and challenging<br/>pt.ll. Intimate relationships: choice and change<br/>pt.lll. Marriages and family relationships:Challenges and commitment<br/>pt.iv. Parenthood: Cognition and change<br/>pt.v. Family stress and reoganization: Choices and commitment |
| 942 ## - ADDED ENTRY ELEMENTS (KOHA) | |
| Koha item type | Books |
| Withdrawn status | Lost status | Collection code | Home library | Current library | Shelving location | Date acquired | Full call number | Accession Number | Koha item type |
|---|---|---|---|---|---|---|---|---|---|
| Reference | Methodist University Library Main | Methodist University Library Main | General Stacks | HQ10.5 .U6R53 | 17023 | Books | |||
| Methodist University Library Main | Methodist University Library Main | General Stacks | HQ10.5 .U6R53 | 25930 | Books |